000 00786nam a2200217 a 4500
001 BRCA_1376
005 20190320203411.0
008 810330s1973 mx-a---###---#000-0#spa-#
050 4 _aF1391.C5
_b.H67 1973
100 1 _aHorcasitas de Barros, María Luisa
_94501
245 1 0 _aLa artesanía, con raíces prehispánicas, de Santa Clara del Cobre
_cMaría Luisa Horcasitas de Barros.
260 _aMéxico
_bSecretaría de Educación Pública
_c1973
300 _a186 p.
_bil.
_c17 cm
504 _aBiliografía: p. 181-186
610 2 4 _aVilla Escalante, México
_xIndustrias [catalógo antiguo]
_94502
650 1 4 _aIndígenas
_zTrabajo en metal
_94503
650 1 4 _aMéxico
_94504
650 1 4 _aTrabajo en cobre
_94505
740 0 _aArtesanía de Santa Clara del Cobre
942 _2lcc
_cB
999 _c1238
_d1238